| 000 | 00000nam##2200000za#4500 |
| 001 | 9.691050 |
| 003 | CaOODSP |
| 005 | 20210624232611 |
| 007 | cr ||||||||||| |
| 008 | 150407|2008||||xxc|||||o f|0| 0 eng|d |
| 020 | |a978-0-662-48764-7 |
| 040 | |aCaOODSP|beng |
| 043 | |an-cn--- |
| 086 | 1 |aH164-85/2008E-PDF |
| 110 | 1 |aCanada. |bHealth Canada. |
| 245 | 10|aReaching out - programs, resources and tools / |h[electronic resource]|c[by] Marketed Health Products Directorate. |
| 260 | |aOttawa - Ontario : |bHealth Canada |c[2008]. |
| 300 | |a2p. |
| 590 | |a12-42-Supp|b2012-11-21 |
| 690 | 07|aHealth care products|2gcpds |
| 775 | 08|tForger des liens - programmes, ressources et outils / |w(CaOODSP)9.635389 |
| 856 | 40|ahttp://publications.gc.ca|qPDF|s347 KB|uhttps://publications.gc.ca/collections/collection_2012/sc-hc/H164-85-2008-eng.pdf |
| 986 | |aHC Pub.: 4783 |